000 00215nam a2200097Ia 4500
005 20251222114350.0
008 251222s1900||||xx |||||||||||||| ||spa||
082 _aDVD0070/D98/2009
245 0 _aEl premio:
942 _cDVD
999 _c1200
_d1200